[Event "Bundesliga 0405"]
[Site "Germany"]
[Date "2004.12.12"]
[Round "6.4"]
[White "Vaganian, Rafael A"]
[Black "Chuchelov, Vladimir"]
[Result "1/2-1/2"]
[WhiteElo "2640"]
[BlackElo "2571"]
[Annotator "Ribli,Z"]
[PlyCount "112"]
[EventDate "2004.11.12"]
[EventType "team-tourn"]
[EventRounds "15"]
[EventCountry "GER"]
[SourceTitle "CBM 105"]
[Source "ChessBase"]
[SourceDate "2005.04.11"]
[SourceVersion "1"]
[SourceVersionDate "2005.04.11"]
[SourceQuality "1"]
[WhiteTeam "Porz"]
[BlackTeam "Katernberg"]
[WhiteTeamCountry "GER"]
[BlackTeamCountry "GER"]

1. Nf3 Nf6 2. c4 e6 3. g3 a6 {Diese Variante wird selten gespielt - Schwarz
möchte im  Ffolgenden den Zug b7-b5 vorbereiten.} 4. b3 (4. Bg2 b5) 4... c5 5.
Bg2 b5 {Schwarz entwickelt zuerst seinen Damenflügel - Weiß kann die Schwäche
der h1-a8-Diagonale nicht ausnutzen, weil (im Falle von z.B. 6.Ne5 ) Schwarz
immer den Turmzug Ra7 hat.} 6. Nc3 Qb6 7. e4 {Statt dieser Fortsetzung wäre
die gewöhnliche Spielweise 7.0-0 und 8.e3, 9.Qe2.} Bb7 (7... d6 8. Qe2 Nc6 9.
e5 dxe5 10. cxb5 axb5 11. Qxb5 Qxb5 12. Nxb5 Nd5 13. Bb2 Ba6 14. a4 f6 15. O-O
Kd7 16. Rfb1 Be7 17. Bf1 {1-0 Wahls,M-Wells,P/Germany 2000/CBM 74 ext (35)}) (
7... Nc6 8. e5 Ng4 9. O-O Bb7 10. Qe2 h5 11. h3 Nh6 12. cxb5 axb5 13. Qxb5 Qc7
14. Qe2 Nf5 15. Nb5 Qb6 16. Bb2 Ba6 17. a4 Be7 18. Rfe1 Rb8 19. Bf1 O-O 20. Qe4
{1/2-1/2 Stohl,I-Wells,P/Graz AUT 2001/}) 8. Qe2 Nc6 9. O-O (9. cxb5 axb5 (9...
Nd4 $15) 10. Qxb5 Qxb5 11. Nxb5 Ra5 12. Nc3 Nb4 $17) 9... Nd4 10. Nxd4 (10. Qd3
Ng4 11. cxb5 Nxf3+ 12. Qxf3 Ne5 13. Qh5 Nd3 14. Na4 Qxb5 15. Ba3 c4 16. Qxb5
axb5 17. Bxf8 Kxf8 18. Nc3 b4 19. Na4 cxb3 20. axb3 Ke7 {1/2-1/2 Stefanova,
A-Pogorelov,R/Salou ESP 2000/(31)}) 10... cxd4 11. Nd1 e5 (11... d6 12. Nb2 (
12. d3 Nd7 13. f4 Be7 14. Nf2 a5 15. Bd2 b4 16. f5 Nc5 17. Qh5 exf5 18. exf5
Bxg2 19. Kxg2 O-O 20. Rfe1 Qb7+ 21. Qf3 Qxf3+ 22. Kxf3 Rfe8 23. Bf4 g5 24. Bd2
h5 {0-1 Tratar,M-Zelcic,R/Pula CRO 2001/(32)}) 12... Be7 13. Nd3 O-O 14. Ba3
bxc4 15. bxc4 Qc7 16. Rab1 Nd7 17. Rxb7 Qxb7 18. e5 Qc7 19. Bxa8 Rxa8 20. exd6
Bxd6 21. c5 Bf8 22. Qe4 Rd8 23. Rb1 Qa5 {0-1 Foisor,O-Ionov,S/Oviedo 1993/EXP
38 (23)}) 12. Nb2 {[%cal Gb2d3][%mdl 32] Weiß bereitet den Zug 13.Nd3 vor,
wonach der Springer ein gutes Blockadefeld bekommt.} Be7 13. Nd3 d6 $11 {
Schwarz hat eine bequeme, gleiche Stellung und ein gutes Figurenspiel.} 14. a4
bxc4 (14... O-O 15. Ba3 $11) 15. bxc4 Qc7 16. Ba3 (16. Nb4 O-O 17. d3 $11)
16... O-O 17. Rfc1 {[%cal Gc4c5]} Nd7 {[%cal Gd7c5]} 18. Nb4 {[%csl Yd5][%cal
Gb4d5] Der Springer hat weitere Zielpunkte - die weiße positionelle Drohung
ist 19.Nd5.} Nc5 19. Nd5 Bxd5 {Natürlich muss Schwarz den d5-Springer tauschen.
} 20. cxd5 Rfb8 $6 (20... Qa5 $11) (20... Qd7 $11) 21. f4 {Es ist verständlich,
dass Weiß mit Läuferpaar die Stellung öffnen möchte.} Bf6 22. Qc4 Qa5 23. Ra2 (
23. Bxc5 dxc5 24. Ra2 (24. Qxc5 Qxd2 $132)) 23... Rc8 {Dieser Turmzug zeigt,
dass 20...Rfb8?! nicht besonders gut für Schwarz war - der Turm gehört in die
c-Linie.} 24. Bh3 $14 {[%csl Gh3][%cal Gh3c8]} Rc7 25. Qb4 Qxb4 26. Bxb4 Rb8
27. Bxc5 Rxc5 (27... dxc5 28. Bf1 $16) 28. Rxc5 dxc5 29. Bf1 $1 {[%csl Gf1]
[%cal Gf1a6] Der Läufer setht ausgezeichnet auf f1 und zielt auf den a6-Bauern.
} a5 30. Rc2 (30. Bb5) 30... exf4 (30... Rc8 31. d6 $16) 31. gxf4 d3 $1 {
Schwarz opfert einen Bauern, aber aktiviert seinen Läufer.} 32. Bxd3 Bd4+ 33.
Kg2 Rb4 {[%csl Gb4,Gd4] Schwarz hat einen Bauern weniger, aber seine Figuren
stehen aktiv.} 34. Bb5 f6 35. d6 Kf7 36. h4 Ke6 (36... g6) 37. d7 Ke7 38. h5
Rb1 (38... g5 $2 39. hxg6 (39. e5 gxf4 $2 (39... fxe5 40. fxg5 Rb1 {[%cal
Rb1g1,Rg1g5]} 41. g6 hxg6 42. hxg6 Rg1+ 43. Kf3 Rxg6 $11) 40. exf6+ Bxf6 41.
Rxc5) 39... hxg6 40. Rc1 $18 {[%cal Rc1h1,Rh1h7]}) 39. d3 Rb2 40. Rxb2 Bxb2 {
[%mdl 4096] Weiß hat einen Bauern mehr, aber die Anwesenheit den
ungleichfarbigen Läufer auf dem Brett bietet Schwarz gute Remischancen.} 41.
Kf3 f5 $1 {Schwarz opfert einen weiteren Bauern, aber im Falle von 42.exf5
kann der Läufer auf f6 eine starke Position beziehen, weil nach anderen Zügen
der f4-Bauer befestigt wird.} 42. h6 (42. exf5 Bf6 (42... h6 43. Ke4) 43. h6
gxh6 44. Kg4 Kf7 45. Kh5 Kg7 $11) 42... g6 $1 (42... gxh6 43. Kg3 Bc1 (43...
Bf6 $2 44. e5 Bg7 45. Kh4 $18) 44. exf5 Bb2 45. Kh4 Bf6+ 46. Kh5 Bg7 47. f6+
Bxf6 48. Kxh6 $16) 43. e5 Bc1 {[%cal Gc1f4,Gf4h6]} 44. Bc4 {[%cal Rc4g8,Rg8h7]
Weiß möchte die schwarze Bauernkette h7-g6-f5 angreifen.} Kxd7 45. Bg8 Ke7 46.
Bxh7 (46. e6) 46... Kf7 {[%csl Rh7] Der weiße Läufer ist auf h7 eingeschlossen.
} 47. e6+ {Sonst kann Weiß nicht weitergehen.} (47. Kg3 Bd2) 47... Kxe6 48.
Bxg6 Bb2 {[%csl Gb2][%cal Gb2h8]} 49. h7 Bh8 50. Ke3 (50. Kg3 Kf6 (50... Bf6
51. Kh3 Bg7 52. Kh4 Bf6+ 53. Kh5 Bg7 54. Be8 Kf6 $16) 51. Be8 Kg7 52. Bd7 Kxh7
53. Bxf5+ Kg7 $14) 50... Kf6 51. Bh5 (51. Be8 Kg7 52. Bd7 Kg6 (52... Kxh7 53.
Bxf5+ Kg8 54. Ke4 Bc3 55. Kd5 Bb4 $14) 53. Kd2 Bd4 54. Kc2 Kxh7 55. Bxf5+ Kg7
56. Kb3 Kf6 $14) 51... Kg7 52. Kd2 Kxh7 $11 {Endlich hat Schwarz das
materielle Gleichgewicht - die Stellung ist Remis.} 53. Kc2 Bd4 54. Kb3 Be3 55.
Kc4 Bxf4 56. Kxc5 Kg7 1/2-1/2

[Event "Baden-Baden-B"]
[Site "Baden-Baden"]
[Date "1992.12.05"]
[Round "1"]
[White "Bischoff, Klaus"]
[Black "Ribli, Zoltan"]
[Result "1/2-1/2"]
[WhiteElo "2510"]
[BlackElo "2610"]
[Annotator "Ribli,Z"]
[PlyCount "79"]
[EventDate "1992.12.??"]
[EventType "tourn"]
[EventRounds "11"]
[EventCountry "GER"]
[EventCategory "11"]
[SourceTitle "CBM 033"]
[Source "ChessBase"]
[SourceDate "1993.04.01"]
[SourceVersion "1"]
[SourceVersionDate "1993.04.01"]
[SourceQuality "1"]

1. Nf3 d5 2. c4 e6 3. g3 dxc4 4. Qa4+ Nd7 5. Bg2 a6 6. Qxc4 b5 7. Qf4 $5 (7.
Qc2 Bb7 8. O-O Ngf6 9. b3 Be7 10. Bb2 c5 11. d3 O-O 12. Nbd2 Qb6 $10 {Bosboom,
M-Kuijf,M Wijk-B 1991 CBM/22}) 7... Rb8 (7... Bd6 8. Qg5 $5 Qxg5 9. Nxg5 Rb8
$13) 8. O-O Bb7 9. d4 Ngf6 10. Rd1 Be7 (10... c5 11. dxc5 Bxc5 12. Ne5 $1 $36)
11. Bd2 O-O 12. Ba5 Rc8 13. Nbd2 Qe8 $10 14. Nb3 c5 15. dxc5 Nxc5 16. Nxc5 Rxc5
17. Rac1 Qa8 (17... Rxc1 18. Qxc1 Qa8 19. Qc7 Re8 $10) 18. Rxc5 Bxc5 19. Bb4
Bxb4 20. Qxb4 h6 21. Ne1 Rc8 22. Bxb7 Qxb7 23. Qd4 Nd5 24. Qd2 Rc4 25. Rc1 Qb6
(25... Qc6 26. Nd3 $10) 26. Rxc4 bxc4 27. Nf3 $1 Qc5 28. Kf1 a5 (28... c3 $5)
29. Qd4 Qb4 30. Ne5 c3 31. bxc3 Nxc3 (31... Qxc3 32. Qxc3 Nxc3 33. a3 Nb1 34.
a4 Nc3 35. Nc4 Nxa4 36. Nxa5 $10) 32. Qd8+ Kh7 33. Qd3+ (33. Nxf7 $2 Qb1+ 34.
Kg2 Qe4+ $17) 33... f5 34. g4 Qc5 35. gxf5 $1 (35. Nd7 Qd5 36. Qxd5 exd5 37.
gxf5 Nxa2 38. f6 $1 Kg6 39. fxg7 Kxg7 $13) 35... Qxe5 36. fxe6+ Kg8 (36... Qe4
$2 37. e7 $18) 37. Qd8+ Kh7 38. Qd3+ Kg8 39. Qd8+ Kh7 40. Qd3+ 1/2-1/2

[Event "Podolsk"]
[Site "Podolsk"]
[Date "1992.??.??"]
[Round "?"]
[White "Makarov, Marat"]
[Black "Sveshnikov, Evgeny"]
[Result "1/2-1/2"]
[WhiteElo "2510"]
[BlackElo "2525"]
[Annotator "Ribli,Z"]
[PlyCount "103"]
[EventDate "1992.12.??"]
[EventType "tourn"]
[EventRounds "11"]
[EventCountry "RUS"]
[EventCategory "11"]
[SourceTitle "CBM 033"]
[Source "ChessBase"]
[SourceDate "1993.04.01"]
[SourceVersion "1"]
[SourceVersionDate "1993.04.01"]
[SourceQuality "1"]

1. c4 e6 2. g3 d5 3. Bg2 Nf6 4. Nf3 dxc4 5. Qa4+ Nbd7 6. Qxc4 c5 7. d3 Bd6 8.
a4 O-O 9. O-O (9. Qb3 Rb8 10. Na3 Bc7 11. Nb5 Ba5+ 12. Nd2 a6 13. Nc3 b5 14.
axb5 axb5 15. O-O Qb6 16. Nde4 $14 {Sherbakov,R-Palac,M Bled op 1992 CBM/29 55/
10}) 9... b6 (9... Nb6 10. Qc2 Bd7 $6 (10... Nbd5 $5) 11. e4 Bc6 12. Nbd2 e5
13. b3 Re8 14. Bb2 $14 {Dorfmann-Nogueiras Moscow GMA op 1990 49/9}) 10. Ng5 $5
(10. Nd4 $5 Ne5 11. Qc2 Rb8 12. Nb5 a6 13. Nxd6 Qxd6 $14 {Dorfmann}) 10... Ne5
(10... Rb8 11. Nxe6 $1 $18) 11. Qc2 Nd5 (11... Rb8 12. Nc3 a6 13. Rd1 $14) 12.
d4 $1 Ng6 13. Nc3 (13. dxc5 Bxc5 14. Nc3 Bb7 15. Nxd5 Bxd5 16. Rd1 Qf6 17. e4
Bb7 $13) 13... Be7 14. h4 cxd4 15. Nxd5 exd5 16. Nf3 (16. Nxh7 Kxh7 17. h5 Bf6
18. Rd1 Bg4 19. hxg6+ fxg6 $13) 16... Bf6 17. Rd1 Bg4 18. Nxd4 Rc8 19. Qb3 Rc4
$1 20. Nf3 h6 21. Be3 Qe7 22. Bd4 (22. Rd2 $5) 22... Bxd4 23. Nxd4 Qe5 24. Qd3
Rfc8 25. a5 (25. Rd2 $5) 25... Nf8 26. axb6 axb6 27. Qd2 Ne6 28. Nf3 Bxf3 29.
Bxf3 Rd4 30. Qe3 Rxd1+ 31. Rxd1 Qxe3 32. fxe3 Rc2 33. b3 Rb2 34. Kf2 Rxb3 35.
Bxd5 Rb2 36. Bxe6 fxe6 37. Rd7 $10 Kf8 38. Kf3 b5 39. Rb7 b4 40. Kf4 Kg8 41. g4
Rxe2 42. Rxb4 Kf7 43. Rb7+ Kf6 44. g5+ hxg5+ 45. hxg5+ Kg6 46. Re7 Rf2+ 47. Ke5
Rf5+ 48. Kxe6 Rxg5 49. e4 Ra5 50. Rd7 Ra6+ 51. Rd6 Rxd6+ 52. Kxd6 1/2-1/2

[Event "Moscow Aeroflot op"]
[Site "Moscow"]
[Date "2002.02.05"]
[Round "2"]
[White "Mikhalevski, Victor"]
[Black "Aleksandrov, Aleksej"]
[Result "0-1"]
[WhiteElo "2531"]
[BlackElo "2645"]
[Annotator "Ribli,Z"]
[PlyCount "90"]
[EventDate "2002.02.04"]
[EventType "swiss"]
[EventRounds "9"]
[EventCountry "RUS"]
[SourceTitle "CBM 088"]
[Source "ChessBase"]
[SourceDate "2002.03.21"]
[SourceVersion "1"]
[SourceVersionDate "2002.03.21"]
[SourceQuality "1"]

1. Nf3 Nf6 2. c4 e6 3. g3 d5 4. Bg2 dxc4 {Das ist eine Hauptfortsetzung -
Schwarz gewinnt vorübergehend einen Bauern und beendet die Entwicklung seines
Damenflügels, während Weiß mit der Rückeroberung des Pc4 beschäftigt ist.} (
4... Be7 5. d4 {Auf diese Weise entsteht eine Grundstellung der Katalanischen
Verteidigung. Durch die Zugfolge kann Weiß Varianten mit dxc4 umgehen.}) 5.
Qa4+ Nbd7 6. Qxc4 a6 (6... c5) 7. Qc2 {Weiß kommt dem Tempozug b7-b5 zuvor.
Auf 7...b5?? kommt nun 8.Nd4 mit sofortigem Gewinn.} c5 8. d3 (8. Nc3 $142 $5 {
Das wäre die beste Fortsetzung für Weiß, denn nun wäre 8...b5 wegen 9.Ne5
schlecht.}) 8... b5 {Jetzt kann Schwarz diesen Zug spielen, denn 9.Nd4 oder 9.
Ne5 kann nun einfach mit 9...Nd5 entkräftet werden.} 9. a4 (9. O-O) 9... Bb7
10. Nc3 Qb6 (10... Bc6) 11. O-O Be7 12. Qb3 {Weiß provoziert 12...b4.} (12.
axb5 axb5 13. Rxa8+ Bxa8 14. Qb3 (14. Bf4 O-O 15. Ra1 Bb7 16. Ne5 Nxe5 17. Bxe5
Nd5 $11) 14... b4 15. Nd1 O-O 16. Ne3 Qa6 17. Qc2 Nd5 18. Nc4 Rb8 19. Bg5 Bf8
20. Nfd2 Bc6 21. e4 Nc7 {1/2-1/2 Bischoff,K-Wells,P/Pulvermuehle 2000/CBM 75 
(30)}) 12... b4 {Der Textzug schwächt zwar den schwarzen Damenflügel, kommt
aber mit Tempo.} (12... c4 13. dxc4 Nc5 14. Qa2 b4 15. a5 Qd8 16. Nb1 b3 17.
Qa3 Nfd7 18. Rd1 Qc7 19. Qb4 Rb8 20. Qe1 Ne4 21. Be3 O-O 22. Nbd2 Bb4 23. Qf1 {
1-0 Furman,S-Karasev,V/Batumi 1972/EXT 2001 (30)}) (12... Nd5 13. axb5 axb5 14.
Nxd5 Bxd5 15. Rxa8+ Bxa8 16. Be3 Bd5 17. Qc2 $11) 13. a5 (13. Nd1 O-O 14. Ne3
a5 15. Nc4 Qa6 16. e4 (16. Bg5 Nd5 17. Rac1 Rac8 18. Rc2 h6 19. Bxe7 Nxe7 20.
Nfe5 Nxe5 21. Bxb7 Qxb7 22. Nxe5 Nf5 23. e3 h5 {0-1 Sunye Neto,J-Inkiov,V/
Moscow 1989/TD (50)}) 16... Nb6 17. Nfe5 Nxc4 18. Nxc4 Nd7 19. Bf4 Nb8 20. Qd1
Nc6 21. Qg4 Kh8 22. Rad1 {1-0 Manor,I-Lukacs,P/Borsodtavho 1991/CBM 23 ext (63)
}) 13... Qc7 14. Nb1 {[%csl Yc4][%cal Gb1d2,Gd2c4] Der weiße Springer strebt
nach c4.} (14. Nd1 {[%cal Gd1e3,Ge3c4]}) 14... O-O (14... Bd5 $5 15. Qc2 O-O
$11) 15. Nbd2 Bd5 $11 {Schwarz hat gutes Figurenspiel und
Entwicklungsvorsprung. Weiß kontrolliert zwar das wichtige Feld c4, aber es
gibt keine Schwächen in der schwarzen Stellung.} 16. Nc4 {[%csl Gc4]} (16. Qc2)
16... h6 (16... e5 17. Nh4 Bxg2 18. Nxg2 $11) 17. Bf4 Qb7 {[%cal Gb7h1]
Schwarz kontrolliert die große weiße Diagonale.} 18. Rfc1 Rfd8 19. Qd1 {
Die weiße Dame verlässt das Feld b3 und strebt nach f1, von wo aus sie den Bg2
verteidigt und entlastet. Anschließend kann er mittels Nfd2 oder Ne1 den
Läufer abtauschen.} Nh5 (19... Rac8 $11) 20. Be3 Nhf6 {Das ist ein indirektes
Remisangebot - Schwarz möchte die Züge wiederholen.} 21. Qf1 (21. Bf4 $11)
21... Rac8 22. Bf4 Bf8 (22... Nh5) 23. h3 (23. Nd6 Bxd6 24. Bxd6) (23. Bd6 $5)
23... Nh5 24. Be3 (24. Nd6 $6 Bxd6 25. Bxd6 Qc6) (24. Bd6) 24... Qb8 25. Nfd2
f5 $5 {[%mdl 32] Schwarz beginnt aktives Spiel am Königsflügel.} 26. Bf3 Nhf6 (
26... f4 27. Bxh5 (27. gxf4 $6 Nxf4 $13) 27... fxe3 28. Nxe3 Qe5 {[%cal Re5b2,
Re5h5]} 29. Bf3 Bxf3 30. Nxf3 Qxb2 31. Nc4 $14 {[%csl Gc4]}) 27. Qg2 g5 $36 (
27... Bxf3 28. Nxf3 $14) 28. h4 $6 {Dieser Zug gefällt mir nicht, er schwächt
nur die weiße Königsstellung.} (28. Rc2) 28... g4 29. Bxd5 Nxd5 {[%csl Gd5,Re3]
Der Springer steht ausgezeichnet auf d5, der Be3 hingegen schlecht.} (29...
exd5 30. Bf4 Qb7 (30... Qb5) 31. Ne3 Qc6 32. Nxf5 Qe6 33. e4 $16) 30. f4 {
Weiß beabsichtigt 31.Bf2 nebst 32.e4.} gxf3 31. Nxf3 (31. Qxf3 Ne5 32. Nxe5
Qxe5 33. Nc4 Qf6 $11) 31... Nxe3 32. Nxe3 Kh7 {Schwarz möchte anschließend den
Pg3 attackieren.} 33. Nc4 Bd6 $15 {[%csl Rg1,Rg3][%cal Gd8g8,Gg8g1]} 34. g4 (
34. Nxd6 Qxd6 $15) 34... Rg8 35. g5 Ne5 36. Kh1 (36. Ncxe5 Bxe5 37. Rab1 Bf4
$15) 36... Ng4 {[%csl Gg4] Schwarz hat sehr gutes Figurenspiel - sein Ng4
steht ausgezeichnet.} 37. e4 hxg5 38. Nxg5+ $6 (38. hxg5 Bf4 $15) {[#]} 38...
Rxg5 $1 {[%mdl 512] Ein schönes und starkes Qualitätsopfer verschafft Schwarz
klar die Initiative.} 39. hxg5 Rh8 {[%csl Rh1][%cal Gh8h1]} 40. Qf3 Kg6+ {
Der schwarze König steht ausgezeichnet und sicher auf g6, sein Gegenüber sieht
sich hingegen einem starken Angriff ausgesetzt.} 41. Kg1 Be5 $19 {[%csl Rg1]
[%cal Re5d4,Rd4g1] Droht 42...Bd4+ - der weiße König befindet sich im Mattnetz.
} 42. exf5+ exf5 43. Nxe5+ Qxe5 {[%csl Ge5][%cal Re5h2,Re5d4] Die Dame ist auf
e5 natürlich noch gefährlicher als zuvor der Läufer. Gegen die vielseitigen
Drohungen gibt es keine Verteidigung mehr.} 44. Rc4 (44. Qc6+ Kxg5 $19) 44...
Qh2+ (44... Qxb2 $19) 45. Kf1 Qh1+ (45... Qh1+ 46. Qxh1 Rxh1+ 47. Ke2 Rxa1 $19)
0-1

[Event "MK Cafe Cup-A"]
[Site "Koszalin"]
[Date "1999.08.03"]
[Round "1"]
[White "Kveinys, Aloyzas"]
[Black "Tregubov, Pavel V"]
[Result "0-1"]
[WhiteElo "2515"]
[BlackElo "2609"]
[Annotator "Ribli,Z"]
[PlyCount "56"]
[EventDate "1999.08.03"]
[EventType "swiss"]
[EventRounds "9"]
[EventCountry "POL"]
[SourceTitle "CBM 073"]
[Source "ChessBase"]
[SourceDate "1999.12.01"]
[SourceVersion "1"]
[SourceVersionDate "1999.12.01"]
[SourceQuality "1"]

{[%mdl 2112]} 1. c4 e6 2. g3 d5 3. Bg2 c6 (3... dxc4 $5 {Die sofortige Annahme
des Bauern kommt auch stark in Betracht. Ribli.}) 4. Qc2 dxc4 {Dieser Zug
wurde zuerst in der Partie Kortchnoi,V - Shirov,A Biel 1992 ausprobiert. Die
schwarze Strategie ist einfach: Wie in der Meraner Variante des Damengambits
möchte er im folgenden ...b5-b7 ziehen und den Ausgleichszug ...c6-c5
vorbereiten.} 5. Qxc4 b5 6. Qc2 (6. Qb3 Bb7 7. a4 a6 8. axb5 (8. Nc3 Nd7 (8...
b4 $5) 9. d3 Ngf6 10. Nf3 Be7 11. O-O O-O $11 {1/2-1/2 Akopian,V-Novikov,I/New
York 1998/CBM 64/[Ribli] (28)}) 8... axb5 9. Rxa8 Bxa8 10. Qa2 (10. Nf3 Nf6 11.
O-O Be7 12. d4 O-O 13. Bg5 Qb6 14. Nc3 Nbd7 15. Rc1 h6 16. Bxf6 Bxf6 17. Qb4 c5
18. dxc5 Qxc5 19. Qxc5 Nxc5 20. Nxb5 Nb3 21. Rd1 Rb8 22. Nc3 Nc5 23. Ra1 Bxf3
24. Bxf3 Rxb2 {1/2-1/2 Cekro,E-Chuchelov,V/Brussels op 1995}) 10... Bb7 11. Qa7
Qc8 12. Nf3 (12. d4 Bd6 13. Nh3 Na6 14. Bf4 Bxf4 15. Nxf4 Qc7 16. Nd3 Nf6 17.
Nc5 Nxc5 18. Qxc5 Nd7 19. Qg5 O-O 20. O-O {1/2-1/2 Poldauf,D-Tregubov,P/Open
1997 (57)}) 12... Nd7 13. O-O Bc5 14. Qa2 Ngf6 15. d4 Be7 16. Nc3 O-O 17. Be3
b4 18. Na4 Qa8 19. b3 Nd5 20. Bg5 c5 {1/2-1/2 Khasin,A-Tregubov,P/Russian Club
Cup, Maikop RUS 1998 (34)}) (6. Bxc6+ $2 Nxc6 7. Qxc6+ Bd7 8. Qc2 (8. Qg2 Rc8
9. Nc3 b4 10. Nd1 g6 11. Nf3 Bg7 12. O-O Ne7 $17 {[%cal Gg7a1,Gc8c1] Schwarz
hat sehr gutes Figurenspiel und mehr als ausreichende Kompensation.}) 8... Rc8
9. Qd1 Bc6 10. f3 (10. Nf3 g5 {[%csl Gc6,Rh1][%cal Rc6h1]}) 10... Nf6 $17) 6...
Bb7 7. Nc3 {Es droht 8.Nxb5, daher muss Schwarz den b5-Bauern verteidigen.} (7.
a4 a6 8. Nc3 Nd7 9. axb5 (9. Nf3 Ngf6 10. O-O Be7 11. d4 O-O 12. Bg5 h6 13.
Bxf6 Nxf6 14. Ne4 Nxe4 15. Qxe4 Rb8 16. Qe3 Qb6 17. Ne5 Rfd8 18. Qf4 Bf6 19.
Nd7 $1 {1-0 Van der Sterren,P-Luther,T/BL98/99 Castrop-Neukölln 1999/BL9899 
(33)}) 9... axb5 10. Rxa8 Qxa8 11. Nf3 Ngf6 12. O-O Be7 13. b3 O-O {0-1 Bareev,
E-Shirov,A/Madrid 1994/CBM 41/[Ribli] (41)}) (7. d3 Nf6 8. Nc3 a6 9. a4 Be7 10.
Nf3 Nbd7 $10 {Kortschnoj,V-Shirov,A/Biel/1992/CBM31/INF55,09/}) (7. Nf3 Nd7 8.
O-O Ngf6 9. b3 Be7 10. Bb2 O-O 11. Nc3 a6 12. Ne4 Nxe4 13. Qxe4 Rb8 14. Ne5
Nxe5 15. Bxe5 c5 16. Qg4 Bf6 17. Bxb8 Bxg2 18. Kxg2 Bxa1 19. Rxa1 Qxb8 20. Qe4
{1/2-1/2 Makarov,M-Novikov,I/St.Petersburg op 1995}) 7... a6 (7... Qb6 8. Nf3
Nd7 9. d4 Ngf6 10. O-O c5 11. dxc5 Bxc5 12. Qb3 Ng4 13. e3 a6 14. Qd1 Rd8 15.
Qe2 O-O 16. Bd2 Bc6 17. a3 Qb7 {Galego,L-Novikov,I/Benasque op 1996/0-1 (45)})
8. b3 (8. Nf3 c5 $11 (8... Nf6 9. d4 c5 $11)) 8... Nf6 9. Bb2 Be7 10. Nf3 c5
$11 {Schwarz hat eine bequeme Stellung. Im Gegensatz zur anderen Zugfolge, in
welcher ...Nbd7 geschehen ist, hat Schwarz hier die Möglichkeit, den Springer
nach c6 oder wie in diesem Falle nach a6 zu entwickeln.} 11. O-O O-O 12. a4 $6
{[%csl Yb4] Dieser Zug gefällt mir nicht, denn er schwächt das Feld b4. Es
wäre besser, mit ruhigen Zügen die Stellung zu halten.} (12. d3 $11) (12. Rac1
$11) 12... Qb6 {[%cal Gb8c6,Gc6b4]} (12... b4 $6 {[%csl Yc4]} 13. Nb1 {Im
folgenden kann Weiss d2-d3 / Nb1-d2 / Nd2-c4 spielen.}) 13. axb5 axb5 14. Rxa8
Bxa8 15. Ra1 Na6 $15 {Der Springer strebt nach b4. Schwarz hat bessere
Figurenkoordination. Der c3-Springer steht hingegen etwas unglücklich.} (15...
Nc6) 16. d3 Rd8 17. Nd2 {Früher oder später muss Weiss den starken a8-Läufer
tauschen.} Bxg2 18. Kxg2 Nb4 {[%csl Gb4]} 19. Qc1 Ng4 {[%cal Gg4e5,Ge5c6,Gg4f2]
Schwarz hat etwas Aktivitaet, aber keine konkreten Drohungen. In einigen
Varianten ergeben sich Motive gegen f2.} 20. Nd1 $6 {Weiss verteidigt den
Punkt f2, aber dieser Zug ist passiv.} (20. h3 Ne5 $15) 20... h5 21. Nf3 $6 {
Gegen 21...h4 gerichtet, aber es wäre besser, den g4-Springer zu verjagen.} (
21. h3 Nf6 $15) 21... Qb7 {[%cal Gb7g2]} 22. h3 $2 {Dieser Zug war früher viel
besser. Jetzt hat er katastrophale Folgen.} (22. Qd2 $15 {[%cal Gd8d2]} c4 $2
23. Qc3 {[%csl Rb4][%cal Rb2g7] Weiss hat die Fesselung in der d-Linie
vermieden und 23...Bf6 geht nicht, denn es hängt dann b4.}) (22. Qc3 Bf6 (22...
e5 $5) 23. Qd2 $15 (23. Qxc5 Nxd3 24. exd3 Rxd3 $19 {[%csl Rf3,Rg2][%cal Rb7g2,
Rd3f3]})) {[#]} 22... Nxd3 $1 {Zwar hängt der Springer auf g4, aber Schwarz
opfert eine andere Figur.} 23. exd3 Rxd3 $17 {[%csl Rf3][%cal Rb7g2] Der
weisse König befindet sich in grosser Not. Die weissen Figuren, die
unglücklich am Damenflügel stehen, können nicht helfen.} 24. hxg4 (24. Ne3 Bg5
{[%cal Rg5c1,Rb7g2]} 25. Qc2 (25. hxg4 hxg4 $19) 25... Rxe3 $1 $19) 24... Qxf3+
25. Kh2 (25. Kg1 h4 $40) 25... Bd6 $19 26. Qc2 h4 $1 (26... Bxg3+ 27. Kg1 (27.
fxg3 $2 Qxg3+ 28. Kh1 Qh3+ 29. Kg1 (29. Qh2 Qf1+ 30. Qg1 Rh3#) 29... Rg3+ 30.
Kf2 Rg2+ 31. Kf1 Qh1#) 27... Rxd1+ 28. Rxd1 (28. Qxd1 Qxf2+ $19) 28... Bxf2+
29. Qxf2 (29. Kf1 Bd4+ 30. Ke1 Qg3+ 31. Kf1 Qg1+ 32. Ke2 Qf2+ 33. Kd3 Qe3#) (
29. Kh2 Qg3+ 30. Kh1 Qh3#) 29... Qxd1+ 30. Kh2 Qxg4 $19) 27. Ra8+ Kh7 28. Ra1
f5 {Schwarz gab in verlorener Stellung auf.} 0-1